=LDR 00000nam 2200000 4500 =001 NUTBA000000000005728 =005 20141106105935.0 =006 =007 =008 =020 ##$$a 978-979-2441-56-7 =035 ##$$a 0010-111400000000207 =040 ##$$a NBPDMAT =082 ##$$a 628.445 =090 ##$$a 628.445 $b Sam s =245 ##$$a Sampah sebagai energi alternatif / $c penyunting , Bachtiar DM, Ulfah Hidayati, Rizka Maghfur =250 ##$$a Cet.2 =260 ##$$a Jakarta : $b Citra Unggul Laksana, $c 2011 =300 ##$$a 64 hlm. : $b ilus. ; $c 19 cm. =500 ##$$a Bibliografi : hlm. 64 =650 ##$$a Sampah Sebagai Energi =700 ##$$a Bachtiar DM, Ulfah Hidayati , Rizkka Maghfur =850 ##$$a NBPDMAT